<?xml version="1.0" encoding="UTF-8"?>
<record
    xmlns:xsi="http://www.w3.org/2001/XMLSchema-instance"
    xsi:schemaLocation="http://www.loc.gov/MARC21/slim http://www.loc.gov/standards/marcxml/schema/MARC21slim.xsd"
    xmlns="http://www.loc.gov/MARC21/slim">

  <leader>03308njm a2200469Ia 4500</leader>
  <controlfield tag="001">40495</controlfield>
  <controlfield tag="003">IT-RoPAU</controlfield>
  <controlfield tag="005">20220918181153.0</controlfield>
  <controlfield tag="008">131025s9999    xx            000 0 und d</controlfield>
  <datafield tag="040" ind1=" " ind2=" ">
    <subfield code="a">IT-RoPAU</subfield>
  </datafield>
  <datafield tag="040" ind1=" " ind2=" ">
    <subfield code="c">IT-RoPAU</subfield>
  </datafield>
  <datafield tag="999" ind1=" " ind2=" ">
    <subfield code="c">102310</subfield>
    <subfield code="d">102310</subfield>
  </datafield>
  <datafield tag="999" ind1=" " ind2=" ">
    <subfield code="b">n.d.</subfield>
  </datafield>
  <datafield tag="100" ind1=" " ind2=" ">
    <subfield code="a">AA.VV.</subfield>
    <subfield code="9">794</subfield>
  </datafield>
  <datafield tag="100" ind1=" " ind2=" ">
    <subfield code="e">Autore musica</subfield>
    <subfield code="9">21966</subfield>
  </datafield>
  <datafield tag="100" ind1=" " ind2=" ">
    <subfield code="g">Codice autore musica SPICS: 12000</subfield>
    <subfield code="9">796</subfield>
  </datafield>
  <datafield tag="245" ind1=" " ind2=" ">
    <subfield code="a">Jazz. Gli uomini, gli strumenti, gli stili 89</subfield>
  </datafield>
  <datafield tag="250" ind1=" " ind2=" ">
    <subfield code="a">2a ed.</subfield>
  </datafield>
  <datafield tag="260" ind1=" " ind2=" ">
    <subfield code="a">MILANO</subfield>
  </datafield>
  <datafield tag="260" ind1=" " ind2=" ">
    <subfield code="b">FRATELLI FABBRI EDITORI</subfield>
    <subfield code="c">1987 [1a Ed.:1959 - Ed. Lingua Orig.: 1959]</subfield>
  </datafield>
  <datafield tag="300" ind1=" " ind2=" ">
    <subfield code="a">MUSICASSETTA</subfield>
  </datafield>
  <datafield tag="300" ind1=" " ind2=" ">
    <subfield code="c">46 minuti (Testo:  pag.)</subfield>
  </datafield>
  <datafield tag="500" ind1=" " ind2=" ">
    <subfield code="a">Musica jazz.</subfield>
  </datafield>
  <datafield tag="505" ind1=" " ind2=" ">
    <subfield code="a">Stormy Monday Blues [(22 e 23 maggio 1959) (4:00)] - Lonesome Lover Blues [(22 e 23 maggio 1959) (4:00)] - Blues the Mother of Sin [(22 e 23 maggio 1959) (4:00)] - Jelly Jelly [(22 e 23 maggio 1959) (4:00)] - Don't Cry Baby [(22 e 23 maggio 1959) (4:00)] - Trav'lin' All Alone [(22 e 23 maggio 1959) (3:00)] - Mr. Piano Man [(22 e 23 maggio 1959) (5:00)] - Little Mama [(22 e 23 maggio 1959) (4:00)] - I Want A Little Girl [(22 e 23 maggio 1959) (4:00)] - Drifting [(22 e 23 maggio 1959) (5:00)] - Song of the Wonderer [(22 e 23 maggio 1959) (4:00)]</subfield>
  </datafield>
  <datafield tag="511" ind1=" " ind2=" ">
    <subfield code="a">Culley Wendell: tr; Jones Thad: tr; Young Snooky: tr; Newman Joe: tr; Coker Henry: tbne; Grey Al: tbne; Powell Benny: tbne; Royal Marshall: sax; Wess Frank: sax; Foster Frank: sax; Mitchell Billy: sax; Fowlkes Frank: sax; Basie Count: p; Green Freddie: chit; Jones Eddie: cb; Payne Sonny: batt; Eckstine Billy: voc; Billy Eckstine with Count Basie and His Orchestra</subfield>
  </datafield>
  <datafield tag="650" ind1=" " ind2=" ">
    <subfield code="a">JAZZ [CASSETTE]</subfield>
    <subfield code="e">Codice MATERIA SPICS: 9951</subfield>
    <subfield code="9">1831</subfield>
  </datafield>
  <datafield tag="700" ind1=" " ind2=" ">
    <subfield code="a">Eckstine William Clarence (Billy)</subfield>
    <subfield code="g">Codice interprete SPICS: 18182</subfield>
    <subfield code="e">Interprete</subfield>
    <subfield code="9">21967</subfield>
  </datafield>
  <datafield tag="700" ind1=" " ind2=" ">
    <subfield code="a">Croder</subfield>
    <subfield code="g">Codice autore musica SPICS: 22483</subfield>
    <subfield code="e">Autore musica</subfield>
    <subfield code="p">Stormy Monday Blues</subfield>
    <subfield code="9">21968</subfield>
  </datafield>
  <datafield tag="700" ind1=" " ind2=" ">
    <subfield code="a">Hines Earl</subfield>
    <subfield code="g">Codice autore SPICS: 16156</subfield>
    <subfield code="e">Autore</subfield>
    <subfield code="p">Stormy Monday Blues - Jelly Jelly</subfield>
    <subfield code="9">21969</subfield>
  </datafield>
  <datafield tag="700" ind1=" " ind2=" ">
    <subfield code="a">Eckstine William Clarence (Billy)</subfield>
    <subfield code="g">Codice autore musica SPICS: 18182</subfield>
    <subfield code="e">Autore musica</subfield>
    <subfield code="p">Lonesome Lover Blues - Blues the Mother of Sin  - Jelly Jelly - Mr. Piano Man - Little Mama</subfield>
    <subfield code="9">21970</subfield>
  </datafield>
  <datafield tag="700" ind1=" " ind2=" ">
    <subfield code="a">Kuller</subfield>
    <subfield code="g">Codice autore musica SPICS: 22484</subfield>
    <subfield code="e">Autore musica</subfield>
    <subfield code="p">Blues the Mother of Sin - Mr. Piano Man - Little Mama</subfield>
    <subfield code="9">21971</subfield>
  </datafield>
  <datafield tag="700" ind1=" " ind2=" ">
    <subfield code="a">Johnson</subfield>
    <subfield code="g">Codice autore musica SPICS: 20146</subfield>
    <subfield code="e">Autore musica</subfield>
    <subfield code="p">Don't Cry Baby - Trav'lin' All Alone</subfield>
    <subfield code="9">21972</subfield>
  </datafield>
  <datafield tag="700" ind1=" " ind2=" ">
    <subfield code="a">Unger</subfield>
    <subfield code="g">Codice autore SPICS: 22485</subfield>
    <subfield code="e">Autore</subfield>
    <subfield code="p">Don't Cry Baby</subfield>
    <subfield code="9">21973</subfield>
  </datafield>
  <datafield tag="700" ind1=" " ind2=" ">
    <subfield code="a">Bernie Green</subfield>
    <subfield code="g">Codice autore testo/musica SPICS: 20241</subfield>
    <subfield code="e">Autore testo/musica</subfield>
    <subfield code="p">Don't Cry Baby</subfield>
    <subfield code="9">21974</subfield>
  </datafield>
  <datafield tag="700" ind1=" " ind2=" ">
    <subfield code="a">Mancher</subfield>
    <subfield code="g">Codice autore musica SPICS: 22486</subfield>
    <subfield code="e">Autore musica</subfield>
    <subfield code="p">I Want A Little Girl</subfield>
    <subfield code="9">21975</subfield>
  </datafield>
  <datafield tag="700" ind1=" " ind2=" ">
    <subfield code="a">Moll</subfield>
    <subfield code="g">Codice autore SPICS: 20288</subfield>
    <subfield code="e">Autore</subfield>
    <subfield code="p">I Want A Little Girl</subfield>
    <subfield code="9">21976</subfield>
  </datafield>
  <datafield tag="700" ind1=" " ind2=" ">
    <subfield code="a">Brown</subfield>
    <subfield code="g">Codice autore musica SPICS: 20445</subfield>
    <subfield code="e">Autore musica</subfield>
    <subfield code="p">Drifting</subfield>
    <subfield code="9">21977</subfield>
  </datafield>
  <datafield tag="700" ind1=" " ind2=" ">
    <subfield code="a">Moore Phil</subfield>
    <subfield code="g">Codice autore SPICS: 22487</subfield>
    <subfield code="e">Autore</subfield>
    <subfield code="p">Drifting</subfield>
    <subfield code="9">21978</subfield>
  </datafield>
  <datafield tag="700" ind1=" " ind2=" ">
    <subfield code="a">Williams</subfield>
    <subfield code="g">Codice autore testo/musica SPICS: 20150</subfield>
    <subfield code="e">Autore testo/musica</subfield>
    <subfield code="p">Drifting</subfield>
    <subfield code="9">21979</subfield>
  </datafield>
  <datafield tag="700" ind1=" " ind2=" ">
    <subfield code="a">Richard</subfield>
    <subfield code="g">Codice autore musica SPICS: 18130</subfield>
    <subfield code="e">Autore musica</subfield>
    <subfield code="p">Song of the Wonderer</subfield>
    <subfield code="9">21980</subfield>
  </datafield>
  <datafield tag="700" ind1=" " ind2=" ">
    <subfield code="a">Howard</subfield>
    <subfield code="g">Codice autore SPICS: 22488</subfield>
    <subfield code="e">Autore</subfield>
    <subfield code="p">Song of the Wonderer</subfield>
    <subfield code="9">21981</subfield>
  </datafield>
  <datafield tag="942" ind1=" " ind2=" ">
    <subfield code="c">MC</subfield>
    <subfield code="2">ddc</subfield>
  </datafield>
  <datafield tag="952" ind1=" " ind2=" ">
    <subfield code="0">0</subfield>
    <subfield code="1">0</subfield>
    <subfield code="4">0</subfield>
    <subfield code="6">40495_000000000000000</subfield>
    <subfield code="7">1</subfield>
    <subfield code="a">SPICS</subfield>
    <subfield code="b">SPICS</subfield>
    <subfield code="d">2013-10-25</subfield>
    <subfield code="l">0</subfield>
    <subfield code="o">40495</subfield>
    <subfield code="r">2013-10-25 00:00:00</subfield>
    <subfield code="w">2013-10-25</subfield>
    <subfield code="y">MC</subfield>
    <subfield code="z">Progr. Ins.: 14291 / N.Vol.: 1 / Copie: 1 - Copia rara: n.d. / date import: 01.01.2014 - By Epidotti, Trombetti, Vaglietti</subfield>
  </datafield>
</record>
